|
|
|
|
| LEADER |
00000caa a22000002c 4500 |
| 001 |
1912601281 |
| 003 |
DE-627 |
| 005 |
20250129055016.0 |
| 007 |
cr uuu---uuuuu |
| 008 |
241217s1978 xx |||||o 00| ||eng c |
| 024 |
7 |
|
|a 10.1080/0022250X.1978.9989880
|2 doi
|
| 035 |
|
|
|a (DE-627)1912601281
|
| 035 |
|
|
|a (DE-599)KXP1912601281
|
| 040 |
|
|
|a DE-627
|b ger
|c DE-627
|e rda
|
| 041 |
|
|
|a eng
|
| 084 |
|
|
|a 2,1
|2 ssgn
|
| 100 |
1 |
|
|a Grofman, Bernard
|d 1944-
|e VerfasserIn
|0 (DE-588)137816251
|0 (DE-627)596130414
|0 (DE-576)164265961
|4 aut
|
| 109 |
|
|
|a Grofman, Bernard 1944-
|a Grofman, Bernard Norman 1944-
|a Grofman, Bernie 1944-
|a Grofman, B. 1944-
|a Grofman, Bernhard 1944-
|
| 245 |
1 |
0 |
|a Judgemental competence of individuals and groups in a dichotomous choice situation: Is a maority of heads better than one?
|
| 264 |
|
1 |
|c 1978
|
| 336 |
|
|
|a Text
|b txt
|2 rdacontent
|
| 337 |
|
|
|a Computermedien
|b c
|2 rdamedia
|
| 338 |
|
|
|a Online-Ressource
|b cr
|2 rdacarrier
|
| 773 |
0 |
8 |
|i Enthalten in
|t The journal of mathematical sociology
|d London [u.a.] : Routledge, Taylor & Francis Group, 1971
|g 61(1978), 1, Seite 47-60
|h Online-Ressource
|w (DE-627)341339016
|w (DE-600)2066607-X
|w (DE-576)098783440
|x 1545-5874
|7 nnas
|
| 773 |
1 |
8 |
|g volume:61
|g year:1978
|g number:1
|g pages:47-60
|
| 787 |
0 |
8 |
|i Forschungsdaten
|a Grofman, Bernard
|t Multnomah County (Oregon) Jury Project, 1973-1976
|d [Erscheinungsort nicht ermittelbar] : [Verlag nicht ermittelbar], 1984
|w (DE-627)1840068418
|
| 856 |
4 |
0 |
|u https://doi.org/10.1080/0022250X.1978.9989880
|x Resolving-System
|z lizenzpflichtig
|3 Volltext
|7 1
|
| 935 |
|
|
|a mkri
|
| 951 |
|
|
|a AR
|
| ELC |
|
|
|a 1
|
| LOK |
|
|
|0 000 xxxxxcx a22 zn 4500
|
| LOK |
|
|
|0 001 4637566800
|
| LOK |
|
|
|0 003 DE-627
|
| LOK |
|
|
|0 004 1912601281
|
| LOK |
|
|
|0 005 20241217044631
|
| LOK |
|
|
|0 008 241217||||||||||||||||ger|||||||
|
| LOK |
|
|
|0 035
|a (DE-2619)ICPSR12608
|
| LOK |
|
|
|0 040
|a DE-2619
|c DE-627
|d DE-2619
|
| LOK |
|
|
|0 092
|o n
|
| LOK |
|
|
|0 852
|a DE-2619
|
| LOK |
|
|
|0 852 1
|9 00
|
| LOK |
|
|
|0 935
|a nacp
|
| LOK |
|
|
|0 939
|a 17-12-24
|b l01
|
| ORI |
|
|
|a SA-MARC-krimdoka001.raw
|